000 00765nam a2200229 a 4500
001 000014566
005 20200929163853.0
008 100114s1995 pe 000 0bspa d
020 _a8483896184
040 _aDO-SdBNP
_bspa
_cBNPHU
082 _a928.85
_bV182G
100 1 _aGonzález Vigil, Ricardo,
_d1949-
_932977
245 1 0 _aCésar Vallejo /
_cRicardo González Vigil.
260 _aLima, Perú :
_bEditorial Brasa,
_c1995.
300 _a125 p. ;
_c21 cm.
490 1 _aForjadores del Perú
_v18
600 1 4 _aVALLEJO, CÉSAR,
_d1892-1938
_xBIOGRAFÍAS
_932978
650 4 _aPoetas peruanos
_ySIGLO XX
_xBiografías
_932979
650 4 _aPoesía peruanas
_xHistoria y crítica
_ySIGLO XX
_932980
830 0 _aForjadores del Perú ;
_v18
_932959
049 _aBNGR
999 _c14153
_d14153